000 00338nam a2200133Ia 4500
008 240624s9999 xx 000 0 und d
041 _aeng
082 _a823 STO
100 _aSTOWE HARRIET BEECHER
245 _aUNCLE TOM S CABIN
260 _c2011
_aNew Delhi
_bHarperCollins
300 _aviii, : 594 : p. : cm. ; 18
365 _cRS
_b25
999 _c18763
_d18763